Statistics for You Oughta Know - Alanis Morissette (Lyrics)

Click here to take the quiz!

General Stats

  • This quiz has been taken 42 times
  • The average score is 312 of 328

Answer Stats

Lyrics% Correct
a
100%
an
100%
and
100%
away
100%
cross
100%
fair
100%
her
100%
here
100%
I
100%
I'm
100%
it
100%
it's
100%
know
100%
left
100%
me
100%
mess
100%
no
100%
not
100%
of
100%
oughta
100%
remind
100%
the
100%
to
100%
when
100%
you
100%
be
96%
best
96%
but
96%
deny
96%
does
96%
down
96%
every
96%
for
96%
gave
96%
go
96%
how
96%
in
96%
like
96%
love
96%
made
96%
nothing
96%
on
96%
open
96%
perverted
96%
she
96%
that
96%
want
96%
we
96%
went
96%
wish
96%
would
96%
your
96%
alive
93%
as
93%
baby
93%
bear
93%
both
93%
did
93%
excellent
93%
fuck
93%
happy
93%
have
93%
hold
93%
is
93%
look
93%
mother
93%
peaceful
93%
speak
93%
still
93%
theatre
93%
thinking
93%
time
93%
until
93%
was
93%
well
93%
wide
93%
you're
93%
able
89%
can
89%
enough
89%
make
89%
my
89%
quite
89%
really
89%
she'd
89%
should
89%
sure
89%
things
89%
thought
89%
til
89%
told
89%
version
89%
wasn't
89%
you'd
89%
about
86%
are
86%
back
86%
cause
86%
died
86%
dinner
86%
else's
86%
feel
86%
forget
86%
hate
86%
hope
86%
Mr
86%
name
86%
quickly
86%
replaced
86%
scratch
86%
seem
86%
slap
86%
someone
86%
very
86%
bug
82%
Duplicity
82%
eloquently
82%
face
82%
middle
82%
nails
82%
bed
79%
eyes
79%
older
75%
close
71%
gonna
71%
soon
71%
joke
68%
fade
61%
laid
36%

Score Distribution

Percentile by Number Answered

Percent of People with Each Score

Your Score History

You have not taken this quiz